| 000 | 00755nam a2200205 a 4500 | ||
|---|---|---|---|
| 001 | 000007092 | ||
| 003 | DO-SdBNP | ||
| 005 | 20250609124331.0 | ||
| 008 | 090904s1999 dr 000 0 spa d | ||
| 020 | _a9993400149 | ||
| 040 |
_aDO-SdBNP _bspa _cBNPHU |
||
| 082 |
_a398.9 _bP438d |
||
| 100 | 1 |
_aPérez, Jesús Manuel _919701 |
|
| 245 | 1 | 0 |
_a2000 y una sabias palabras : _bexpresadas por las mentes más brillantes en la historia de la humanidad / _cJesús Manuel Pérez. |
| 246 | 1 | 3 |
_aDosmil y una sabias palabras : _bexpresadas por las mentes más brillantes en la historia de la humanidad. |
| 260 |
_aSanto Domingo : _bMediabyte, _c1999. |
||
| 300 |
_axiii, 199 p. ; _c22 cm. |
||
| 500 | _aIncluye frases célebres en las solapas. | ||
| 942 |
_2ddc _cLBS1 |
||
| 999 |
_c6873 _d6873 |
||